Tuyển tập ca khúc hát mừng thành phố

Shranjeno v:
Bibliografske podrobnosti
Glavni avtor: Ca Lê Thuần
Format: Knjiga
Jezik:Undetermined
Izdano: Tp. Hồ Chí Minh Văn Hóa Sài Gòn 2005
Teme:
Oznake: Označite
Brez oznak, prvi označite!
Thư viện lưu trữ: Trung tâm Học liệu Trường Đại học Cần Thơ
LEADER 00554nam a2200193Ia 4500
001 CTU_87485
008 210402s9999 xx 000 0 und d
020 |c 120000 
082 |a 782.42 
082 |b Th502 
100 |a Ca Lê Thuần 
245 0 |a Tuyển tập ca khúc hát mừng thành phố 
245 0 |c Ca Lê Thuần 
260 |a Tp. Hồ Chí Minh 
260 |b Văn Hóa Sài Gòn 
260 |c 2005 
650 |a songs, vietnamese 
904 |i Tuyến 
980 |a Trung tâm Học liệu Trường Đại học Cần Thơ